Los Oficios catalanes : protagonistas del Modernismo / Manuel García-Martín protagonistas del Modernismo / Manuel García-Martín
ISBN:
84-400-3964-6
Descripción Física:
107 p. : principalment il. col. ; 36 cm
Otros Autores:
Catalana de Gas Electricitat
MARC
| LEADER | 00000nam a2200000Ia 4500 | ||
|---|---|---|---|
| 001 | 20638 | ||
| 008 | 160829s1977 xx 000 0 cat d | ||
| 020 | |a 84-400-3964-6 | ||
| 080 | |a FOL-3-47 | ||
| 100 | |a García-Martín, Manuel |9 28494 | ||
| 245 | |a Los Oficios catalanes : |b protagonistas del Modernismo / Manuel García-Martín | ||
| 260 | |a Barcelona : |b Catalana de Gas i Electricitat S.A., |c 1977 | ||
| 300 | |a 107 p. : |b principalment il. col. ; |c 36 cm | ||
| 590 | |a Donació del fotògraf Eduardo Díaz Vigo, novembre 2008 | ||
| 650 | |a Modernisme (Art) |x Catalunya |9 38542 | ||
| 650 | |a Façanes |x Catalunya |9 38543 | ||
| 700 | |a Catalana de Gas Electricitat |9 38550 | ||
| 901 | |a Arxiu | ||
| 942 | |n 1 | ||
| 952 | |0 0 |1 0 |4 0 |6 FOL347 |7 1 |9 48464 |a Arxiu |b Arxiu |d 2016-12-01 |l 0 |o FOL-3-47 |p 20638 |r 2016-12-01 00:00:00 |w 2016-12-01 |y ARXIU | ||
| 999 | |c 52293 |d 52293 | ||